<?xml version="1.0" encoding="UTF-8"?>
<record
    xmlns:xsi="http://www.w3.org/2001/XMLSchema-instance"
    xsi:schemaLocation="http://www.loc.gov/MARC21/slim http://www.loc.gov/standards/marcxml/schema/MARC21slim.xsd"
    xmlns="http://www.loc.gov/MARC21/slim">

  <leader>02296nam a2200277 a 4500</leader>
  <controlfield tag="001">BRCA_8745</controlfield>
  <controlfield tag="005">20190320210406.0</controlfield>
  <controlfield tag="008">030317s1783----sp-#######---#000-0#spa-#</controlfield>
  <datafield tag="041" ind1=" " ind2=" ">
    <subfield code="a">spa</subfield>
  </datafield>
  <datafield tag="044" ind1=" " ind2=" ">
    <subfield code="a">sp</subfield>
  </datafield>
  <datafield tag="084" ind1=" " ind2=" ">
    <subfield code="a">BE104</subfield>
    <subfield code="b">.P37 1783</subfield>
  </datafield>
  <datafield tag="100" ind1="1" ind2=" ">
    <subfield code="a">Parras, Pedro Joseph</subfield>
    <subfield code="9">21779</subfield>
  </datafield>
  <datafield tag="245" ind1="1" ind2="0">
    <subfield code="a">Gobierno de los regulares de la Am&#xE9;rica, ajustado religiosamente &#xE1; la voluntad del rey</subfield>
    <subfield code="b">trabajado en obsequio de la paz y tranquilidad conveniente &#xE1; los Regulares mismos con los Se&#xF1;ores Diocesanos, Virreyes, Presidentes, Audencias, Gobernadores y dem&#xE1;s Tribunales subalternos: arreglado &#xE1; las leyes de aquellos reynos reales c&#xE9;dulas de S. M. autos-acordados, decretos, y providencias de su Real y Supremo Consejo de las Indias: Para instrucci&#xF3;n de los prelados Generales, Provinciales, Visitadores y otros Delegados en las obligaci&#xF3;n de sus oficios respectivamente para con el Reay y para con su subditos</subfield>
    <subfield code="c">su autor el P. Fr. Pedro Joseph Parras, Lector Jubilado...</subfield>
  </datafield>
  <datafield tag="260" ind1=" " ind2=" ">
    <subfield code="a">Madrid</subfield>
    <subfield code="b">Por D. Joach&#xEE;n Ibarra, impresor de la c&#xE1;mara de S.M.</subfield>
    <subfield code="c">1783</subfield>
  </datafield>
  <datafield tag="300" ind1=" " ind2=" ">
    <subfield code="a">XXXVI, 493p. (t.2)</subfield>
    <subfield code="c">20.4 x 15 cm.</subfield>
  </datafield>
  <datafield tag="500" ind1=" " ind2=" ">
    <subfield code="a">Con las licencias necesarias.</subfield>
  </datafield>
  <datafield tag="500" ind1=" " ind2=" ">
    <subfield code="a">En portada: quien lo dedica al rey nuestro se&#xF1;or en su Real y Supremo Consejo de las Indias</subfield>
  </datafield>
  <datafield tag="500" ind1=" " ind2=" ">
    <subfield code="a">Con marca de fuego: &#x201C;Procedencia de la marca: Convento de Santa Mar&#xED;a de los &#xC1;ngeles de Churubusco, D.F.(1) Instituci&#xF3;n: Orden de Frailes Menores Descalzos. Provincia de San Diego de M&#xE9;xico. Descripci&#xF3;n: Inscrito en un rect&#xE1;ngulo de puntas redondeadas la palabra Churubusco. Observaciones: Rafael Sala, Carlos Krausse y David Saavedra Vega atribuyen esta marca al Convento de Nuestra Se&#xF1;ora de los &#xC1;ngeles, de Churubusco, Ciudad de M&#xE9;xico. Ubicaci&#xF3;n de la marca en el libro: Canto superior, inferior y lateral&#x201D;</subfield>
  </datafield>
  <datafield tag="500" ind1=" " ind2=" ">
    <subfield code="a">Estado f&#xED;sico: presenta encuadernaci&#xF3;n en pergamino, con lomo semi desprendido</subfield>
  </datafield>
  <datafield tag="650" ind1="1" ind2="4">
    <subfield code="a">Ordenes mon&#xE1;sticas y religiosas</subfield>
    <subfield code="y">America latina</subfield>
    <subfield code="9">21780</subfield>
  </datafield>
  <datafield tag="650" ind1="1" ind2="4">
    <subfield code="a">Iglesia cat&#xF3;lica</subfield>
    <subfield code="y">America latina</subfield>
    <subfield code="9">21781</subfield>
  </datafield>
  <datafield tag="700" ind1="1" ind2=" ">
    <subfield code="a">Ibarra, Joach&#xEE;n</subfield>
    <subfield code="e">Impresor</subfield>
    <subfield code="9">21782</subfield>
  </datafield>
  <datafield tag="856" ind1=" " ind2=" ">
    <subfield code="a">http://www.marcasdefuego.buap.mx:8180/xmLibris/projects/firebrand/item.jsp?repository=marcas_de_fuego&amp;key=marcas_de_fuego_franciscanas_20150804141948_e26b.xml&amp;num=129</subfield>
  </datafield>
  <datafield tag="902" ind1=" " ind2=" ">
    <subfield code="a">CFM</subfield>
  </datafield>
  <datafield tag="942" ind1=" " ind2=" ">
    <subfield code="2">lcc</subfield>
    <subfield code="c">B</subfield>
  </datafield>
  <datafield tag="999" ind1=" " ind2=" ">
    <subfield code="c">8397</subfield>
    <subfield code="d">8397</subfield>
  </datafield>
  <datafield tag="952" ind1=" " ind2=" ">
    <subfield code="0">0</subfield>
    <subfield code="1">0</subfield>
    <subfield code="4">0</subfield>
    <subfield code="7">0</subfield>
    <subfield code="a">BRCA</subfield>
    <subfield code="b">BRCA</subfield>
    <subfield code="d">2017-03-03</subfield>
    <subfield code="l">0</subfield>
    <subfield code="o">BE104 .P37 1783</subfield>
    <subfield code="p">CFM00080</subfield>
    <subfield code="r">2019-03-22 00:00:00</subfield>
    <subfield code="w">2019-03-22</subfield>
    <subfield code="y">B</subfield>
  </datafield>
</record>
